000
00302nam a22001337a 4500
008
171005b xxu||||| |||| 00| 0 eng d
020
_a
0020509863
041
_a
eng
080
_a
159.9
100
_a
49
101
_a
PSI
245
_a
SEXUALITY AND THE PSYCHOLOGY OF LOVE
_c
FREUD,S
942
_2
udc
_c
BK
999
_c
32105
_d
32105